Proceedings. (Record no. 13528)
[ view plain ]
| 000 -LEADER | |
|---|---|
| fixed length control field | 00790cam a22002052 4500 |
| 001 - CONTROL NUMBER | |
| control field | 0000012852 |
| 005 - DATE AND TIME OF LATEST TRANSACTION | |
| control field | 20151217155853.0 |
| 008 - FIXED-LENGTH DATA ELEMENTS--GENERAL INFORMATION | |
| fixed length control field | 090324s xx 000 0 eng d |
| 040 ## - CATALOGING SOURCE | |
| Original cataloging agency | KABU |
| Transcribing agency | KABU |
| 111 2# - MAIN ENTRY--MEETING NAME | |
| Meeting name or jurisdiction name as entry element | Conference of the Provisional Council for Social Sciences in East Africa |
| Location of meeting | University of Dar es Salaam : |
| Date of meeting | 1970 December 27th - 31st : |
| Number of part/section/meeting | 1st. |
| -- | 0000169810 |
| 245 10 - TITLE STATEMENT | |
| Title | Proceedings. |
| 250 ## - EDITION STATEMENT | |
| Edition statement | 1st ed. |
| 260 ## - PUBLICATION, DISTRIBUTION, ETC. (IMPRINT) | |
| Place of publication, distribution, etc. | Dar es Salaam : |
| Name of publisher, distributor, etc. | Universities of East Africa, |
| Date of publication, distribution, etc. | 1970. |
| 300 ## - PHYSICAL DESCRIPTION | |
| Extent | 1 v. (various pagings) ; |
| 650 #0 - SUBJECT ADDED ENTRY--TOPICAL TERM | |
| Topical term or geographic name as entry element | Social sciences |
| General subdivision | History |
| -- | Congresses |
| Geographic subdivision | Africa. |
| -- | 0000169811 |
| 650 #0 - SUBJECT ADDED ENTRY--TOPICAL TERM | |
| Topical term or geographic name as entry element | Social Sciences |
| General subdivision | Research |
| -- | Congresses |
| Geographic subdivision | Africa. |
| -- | 0000169812 |
| 852 1# - LOCATION | |
| -- | p400 KES |
| 908 ## - PUT COMMAND PARAMETER (RLIN) | |
| Put command parameter | 090324 |
| 950 ## - LOCAL HOLDINGS (RLIN) | |
| -- | 1 |
| Withdrawn status | Lost status | Source of classification or shelving scheme | Not for loan | Home library | Current library | Date acquired | Total Checkouts | Full call number | Barcode | Date last seen | Price effective from | Koha item type |
|---|---|---|---|---|---|---|---|---|---|---|---|---|
| Library of Congress Classification | Kabarak, Main Campus | Kabarak, Main Campus | 17/12/2015 | AS625 .A3C66 1970 v. 3 c. 1 | 17319 | 17/12/2015 | 17/12/2015 | Africana Collection |